000 00889aam a2200349 4500
005 20250220121221.0
008 250220s2024 a 01 spa d
017 _aB-21985-2024
020 _a9788416728657
041 _aspa
041 _bcat
041 _bbaq
041 _bglg
080 _a598.2
100 _aVan Duivendijk, Nils
_975742
245 _aAves de Europa: Identificación de todas las especies y plumajes
_cNils van Duivendijk
260 _aBarcelona
_bLynx Nature Books
_c2024
300 _a2 v.
500 _aÍndexs. Nom científic
505 _aVol. 1: No paseriformes
505 _aVol. 2: Paseriformes
591 _aAVESEU
592 _aObra especialitzada
593 _aDG
593 _aDGB
594 _a11046
594 _a11047
650 _aocells
_961565
650 _azoologia
_960588
942 _cMO
_n0
_2ddc
999 _c69208
_d69208